Estudios para la reforma de la administración pública (Registro nro. 161268)

Detalles MARC
000 -LEADER
fixed length control field 01494nam a2200325 a 4500
007 - PHYSICAL DESCRIPTION FIXED FIELD--GENERAL INFORMATION
fixed length control field cr|||| ||||
008 - FIXED-LENGTH DATA ELEMENTS--GENERAL INFORMATION
fixed length control field 040712s2004 sp d || 000 ||spa|c
017 ## -
-- DL M. 9108-2004
020 ## - INTERNATIONAL STANDARD BOOK NUMBER
International Standard Book Number 8470887424
035 ## -
-- 6056
040 ## - CATALOGING SOURCE
Modifying agency vLex
090 ## -
-- 2849
-- 2849
245 00 - TITLE STATEMENT
Title Estudios para la reforma de la administración pública
Medium [Recurso electrónico] /
Statement of responsibility, etc Antoni Bayona i Rocamora ... [et al.] ; [director: Fernando Sáinz Moreno]
256 ## -
-- Servicio en línea
260 ## - PUBLICATION, DISTRIBUTION, ETC. (IMPRINT)
Place of publication, distribution, etc Madrid :
Name of publisher, distributor, etc Instituto Nacional de Administración Pública,
Date of publication, distribution, etc 2004
300 ## - PHYSICAL DESCRIPTION
Extent 1 recurso electrónico
504 ## - BIBLIOGRAPHY, ETC. NOTE
Bibliography, etc Referencias bibliográficas
506 1# - RESTRICTIONS ON ACCESS NOTE
Terms governing access Contenido solo disponible en los productos indicados
Authorized users vLex Global
-- vLex Global (Academic Edition, excluding Law Schools)
-- vLex Global (U.S. Academic Edition, Law Schools)
-- vLex Global (U.S. Academic Edition, excluding Law Schools)
-- vLex Global (Academic Edition, Law Schools)
650 04 - SUBJECT ADDED ENTRY--TOPICAL TERM
Topical term or geographic name as entry element Reforma administrativa
650 04 - SUBJECT ADDED ENTRY--TOPICAL TERM
Topical term or geographic name as entry element Administración pública
Geographic subdivision España
650 04 - SUBJECT ADDED ENTRY--TOPICAL TERM
Topical term or geographic name as entry element Organismos de la Administración Pública
General subdivision Reorganización
651 #4 - SUBJECT ADDED ENTRY--GEOGRAPHIC NAME
Geographic name España
General subdivision Política y gobierno
700 1# - ADDED ENTRY--PERSONAL NAME
Personal name Bayona i Rocamora, Antoni
700 1# - ADDED ENTRY--PERSONAL NAME
Personal name Sainz Moreno, Fernando
Relator term dir.
710 2# - ADDED ENTRY--CORPORATE NAME
Corporate name or jurisdiction name as entry element Instituto Nacional de Administración Pública (España)
740 0# -
-- vLex Libros (Servicio en línea)
856 40 - LOCALIZACIÓN Y ACCESO ELECTRÓNICO
Identificador Uniforme del Recurso (URI/URL) https://app.vlex.com/#/sources/estudios-reforma-administracion-publica-6056
942 ## -
-- RAA
999 ## -
-- 161268
-- 161268

No hay ítems disponibles.


CONTACTO


NOSOTROS


SITIOS DE INTERES

coordinacion.biblioteca.biblioteca@unienlinea.mx Misión, Visión y Objetivos Bases de datos
Directorio Bibliotecas Digitales y Repositorios
Normatividad Revistas y artículos
Convenios interbibliotecarios
Boletines



Hecho en México. Universidad Insurgentes (UIN). Todos los derechos reservados 2024. Esta página y sus contenidos pueden ser reproducidos con fines no lucrativos, siempre y cuando no se mutile, se cite la fuente completa y su dirección electrónicas. De otra forma requiere permiso previo por escrito de la institución




2024 Copyright Universidad Insurgentes | www.bibliouin.com.mx